Вып. 16; Машиностроение

書誌詳細
Parent link:Машиностроение: [сборник]/ Харьковский политехнический институт (ХПИ). Вып. 16.— , 1965-1986
その他の著者: Гладкий П. М. (редактор)
言語:ロシア語
出版事項: 1986
主題:
フォーマット: MixedMaterials 図書
KOHA link:https://koha.lib.tpu.ru/cgi-bin/koha/opac-detail.pl?biblionumber=303803

MARC

LEADER 00000nam2a2200000 4500
001 303803
005 20231102001635.0
020 |a RU  |b 89-46245ж 
035 |a (RuTPU)RU\TPU\book\329031 
035 |a RU\TPU\book\290442 
090 |a 303803 
100 |a 20150904d1986 k y0rusy5003 ca 
101 0 |a rus 
102 |a UA 
105 |a a z 001zy 
200 0 |a Вып. 16  |f отв. ред. П. М. Гладкий 
210 |d 1986 
215 |d 22 см  |a 82 с.  |c ил. 
461 1 |0 (RuTPU)RU\TPU\book\290442  |t Машиностроение  |o [сборник]  |f Харьковский политехнический институт (ХПИ)  |v Вып. 16  |d 1965-1986  |s Вестник Харьковского политехнического института ; № 238 
606 1 |a Машиностроение  |2 stltpush  |3 (RuTPU)RU\TPU\subj\71949  |9 85607 
610 1 |a технологическое проектирование 
610 1 |a автоматизация 
610 1 |a станки 
610 1 |a гидроприводы 
610 1 |a транспортирующие приводы 
610 1 |a механические колебания 
610 1 |a вихревые усилители 
610 1 |a шлифование 
610 1 |a шум 
610 1 |a вибрации 
675 |a 621.002  |v 3 
702 1 |a Гладкий  |b П. М.  |4 340 
801 0 |a RU  |b 63413507  |c 19950417  |g psbo 
801 1 |a RU  |b 63413507  |c 20120130 
801 2 |a RU  |b 63413507  |c 20160922  |g RCR 
942 |c BK